Central Library || Chittagong University

A foreign policy for Americans.// (Record no. 111442)

MARC details
000 -LEADER
fixed length control field 00458nam a22001697a 4500
003 - CONTROL NUMBER IDENTIFIER
control field BD-ChCU
005 - DATE AND TIME OF LATEST TRANSACTION
control field 20260203093420.0
008 - FIXED-LENGTH DATA ELEMENTS--GENERAL INFORMATION
fixed length control field 260203b bg ||||| |||| 00| 0 ben d
040 ## - CATALOGING SOURCE
Transcribing agency BD-ChCU
082 ## - DEWEY DECIMAL CLASSIFICATION NUMBER
Classification number 327.73 TAF
100 ## - MAIN ENTRY--PERSONAL NAME
Personal name Taft, Robert A.
9 (RLIN) 20023
245 ## - TITLE STATEMENT
Title A foreign policy for Americans.//
Statement of responsibility, etc. Taft, Robert A.
260 ## - PUBLICATION, DISTRIBUTION, ETC.
Place of publication, distribution, etc. New York.
Name of publisher, distributor, etc. Doubleday.
Date of publication, distribution, etc. 1951
300 ## - PHYSICAL DESCRIPTION
Extent 127p
650 #0 - SUBJECT ADDED ENTRY--TOPICAL TERM
Topical term or geographic name entry element U. S. - Foreign Relations.
9 (RLIN) 20024
942 ## - ADDED ENTRY ELEMENTS (KOHA)
Source of classification or shelving scheme Dewey Decimal Classification
Koha item type Books
Suppress in OPAC No
Holdings
Withdrawn status Lost status Source of classification or shelving scheme Damaged status Not for loan Home library Current library Shelving location Date acquired Source of acquisition Total Checkouts Full call number Barcode Date last seen Copy number Price effective from Koha item type
    Dewey Decimal Classification     Chittagong University Library Chittagong University Library Business and Social Science Reading Room 02/03/2026 Purchase   327.73 TAF 38989 02/03/2026 C-1 02/03/2026 Books
© Copyright 2026. Chittagong University Library, Installation and Maintenance by Prof. Dr. Md. Alamgir, 01711306253